Mujeres en los difíciles tiempos del imperio romano de occidente : nov.mai. 5, 6, 7 y 9 (458-459 d.C) /

Bibliographic Details
Main Author: Rodríguez López, Rosalía (Author)
Format: Electronic eBook
Language:Spanish
Published: Madrid : Editorial Dykinson S.L., 2022.
Series:Colección Monografías de derecho romano y cultura clásica.
Subjects:
Online Access:Digitalia Hispánica

MARC

LEADER 00000nam a2200000Ii 4500
001 DIGDYK2281
003 NyNyDIG
006 m o d
007 cr |||||||||||
008 230217s2022 sp ab ob 000 0 spa d
035 |a (OCoLC)1336004914 
040 |a DGITA  |b eng  |e rda  |e pn  |c DGITA 
020 |a 9788411224031  |q electrónico 
020 |z 9788411223638 
050 1 4 |a KJA2213.5.W65 ebook 
100 1 |a Rodríguez López, Rosalía,  |e author. 
245 1 0 |a Mujeres en los difíciles tiempos del imperio romano de occidente :  |b nov.mai. 5, 6, 7 y 9 (458-459 d.C) /  |c Rosalía Rodríguez López. 
264 1 |a Madrid :  |b Editorial Dykinson S.L.,  |c 2022. 
300 |a 1 online resource :  |b illustrations, maps. 
336 |a text  |b txt  |2 rdacontent 
337 |a computer  |b c  |2 rdamedia 
338 |a online resource  |b cr  |2 rdacarrier 
347 |a text file  |2 rdaft 
347 |b PDF 
490 1 |a Colección "Monografías de derecho romano" y cultura clásica 
504 |a Includes bibliographical references. 
588 0 |a Online resource; title from PDF title page (Digitalia, viewed February 17, 2023) 
650 0 |a Women (Roman law). 
776 0 8 |i Print version:  |a Rodríguez López, Rosalía.  |t Mujeres en los difíciles tiempos del imperio romano de occidente.  |d Madrid : Editorial Dykinson S.L., 2022  |z 9788411223638 
791 2 |a Digitalia (Firm),  |e distributor. 
793 0 |g Digitalia eBook Collection:  |a Dykinson Editorial 
830 0 |a Colección Monografías de derecho romano y cultura clásica. 
856 4 0 |3 Digitalia Hispánica  |u https://www.digitaliapublishing.com/a/115991/ 
910 |a Premium collection: 2023